Biblioteca

La educación social del adolescente / Bernard D. Davies, Alan Gibson ; José M. Vara, José L. Alvarez, Traductores (Registro nro. 39813)

Detalles MARC
000 -LÍDER
Campo fijo de descripción fija 006270000a22001930004500
041 0# - CÓDIGO DE IDIOMA
Código de idioma para texto/pista de sonido o título separado
082 04 - NÚMERO DE CLASIFICACIÓN DECIMAL DEWEY
Número de clasificación G 371.8 D2551e
001 - NÚMERO DE CONTROL
Campo de control 10063
100 1# - ASIENTO PRINCIPAL--NOMBRE PERSONAL
Nombre personal Davies, Bernard D.
245 10 - TÍTULO
Título del Material La educación social del adolescente / Bernard D. Davies, Alan Gibson ; José M. Vara, José L. Alvarez, Traductores
260 ## - PUBLICACIÓN, DISTRIBUCIÓN, ETC. (PIE DE IMPRENTA)
Lugar de publicación, distribución, etc. Salamanca, España : Sígueme
300 ## - DESCRIPCIÓN FÍSICA
Extensión 278 Pag
336 ## - CONTENT TYPE
Content type term texto
Content type code txt
Source rdacontent
337 ## - MEDIA TYPE
Source rdamedia
Media type term sin mediación
Media type code n
338 ## - CARRIER TYPE
Source rdacarrier
Carrier type term volumen
Carrier type code nc
500 ## - NOTA GENERAL
Nota General Título original : The social education of the adolescent
942 ## - TIPO DE MATERIAL (KOHA)
Tipo de Item KOHA Libros General
Existencias
Estado de Material Estado de Perdido Estado de Dañado No para Préstamo Colección Tomo Biblioteca de Origen Biblioteca Permanente Fecha de Adquisición Total de Préstamos Total de Renovaciones Signatura Topográfica Código de Barras Última vez visto Última vez Préstado Ejemplar/Existencia Fecha de Remplazo Tipo de Material
        Colección General   Biblioteca FUSBC Biblioteca FUSBC 21/01/2005 1 1 G 371.8 D2551e 9367 03/10/2023 18/10/2018 1 26/01/2016 Libros General

Biblioteca FUSBC | Teléfono: (57+4) 349 88 10 Ext. 141| WhatsApp (+57) 3005338115 
E-mail: biblioteca@unisbc.edu.co | Calle 76 87-14 Robledo Palenque, Medellín, Colombia

Con tecnología Koha